[Event "Riga Tech Open A 2018"]
[Site "Riga LAT"]
[Date "2018.08.07"]
[Round "2.32"]
[White "Ruiz Castillo, Joshua Daniel"]
[Black "Severina, Maria"]
[Result "1-0"]
[WhiteTitle "IM"]
[BlackTitle "WIM"]
[WhiteElo "2415"]
[BlackElo "2242"]
[WhiteFideId "4400704"]
[BlackFideId "4116909"]
[EventDate "2018.08.06"]

1. e4 e5 2. Nf3 Nc6 3. Bb5 a6 4. Ba4 Nf6 5. O-O Be7 6. Re1 b5 7. Bb3 d6 8. c3
O-O 9. h3 Nb8 10. d4 Nbd7 11. Nbd2 Bb7 12. Bc2 Re8 13. Nf1 Bf8 14. Ng3 g6 15. a4
Nb6 16. axb5 axb5 17. Rxa8 Qxa8 18. d5 c6 19. Bg5 Nfd7 20. dxc6 Bxc6 21. h4 d5
22. exd5 Bxd5 23. h5 e4 24. Nd4 b4 25. hxg6 hxg6 26. Qg4 Bg7 27. Qh4 bxc3 28.
bxc3 Qa5 29. Nge2 Bxd4 30. Nxd4 Qxc3 31. Rd1 Ra8 32. Kh2 Ra1 33. Rxa1 Qxa1 34.
Be3 Qa8 35. Ne2 Kg7 36. Qh6+ Kf6 37. Bd4+ Ke7 38. Nc3 Qc6 39. Qe3 Qe6 40. Bxb6
Nxb6 41. g3 Nd7 42. Ba4 Bc6 43. Bxc6 Qxc6 44. Nxe4 Qe6 45. Qa3+ Kd8 46. Nd6 Qd5
47. Qb4 Qh5+ 48. Kg2 Qd5+ 49. f3 f5 50. Qh4+ Kc7 51. Ne8+ Kc8 52. Qb4 Qc5 53.
Qd2 Qe5 54. Nd6+ Kc7 55. Nf7 Qc5 56. Ng5 Qc6 57. Qe2 Qd5 58. Ne6+ Kd6 59. Nf4
Qc5 60. Nxg6 Qd5 61. Nf4 Qb3 62. Qd2+ Ke7 63. Ng6+ Ke6 64. Nf4+ Ke7 65. Ne2 Nf6
66. Nd4 Qd5 67. Qf4 Qa2+ 68. Kh3 Qb1 69. Nxf5+ Kf7 70. Qc4+ Kf8 71. Qc5+ Kf7 72.
Qe7+ Kg6 73. Nh4+ 1-0

[Event "Riga Tech Open A 2018"]
[Site "Riga LAT"]
[Date "2018.08.07"]
[Round "2.33"]
[White "Pulkkinen, Kari"]
[Black "Fenil, Shah"]
[Result "0-1"]
[WhiteTitle "FM"]
[BlackTitle "IM"]
[WhiteElo "2242"]
[BlackElo "2412"]
[WhiteFideId "500712"]
[BlackFideId "5019850"]
[EventDate "2018.08.06"]

1. e4 c5 2. Nf3 e6 3. d4 cxd4 4. Nxd4 Nc6 5. Nc3 Qc7 6. Be3 a6 7. Qf3 Ne5 8. Qg3
h5 9. Bf4 d6 10. O-O-O h4 11. Qe3 Bd7 12. h3 b5 13. a3 Rb8 14. Bh2 Be7 15. f4
Nc4 16. Bxc4 bxc4 17. f5 Qb6 18. fxe6 fxe6 19. e5 d5 20. Nxd5 exd5 21. e6 Qxb2+
22. Kd2 Ba4 23. Bxb8 Qxb8 24. Rb1 Qd8 25. Ke2 Rh5 26. Qf4 Bf6 27. Nf5 Rxf5 28.
Qxf5 Qd6 29. Rhd1 Ne7 30. Qh7 Qxe6+ 31. Kf2 Qf5+ 32. Qxf5 Nxf5 33. Rxd5 Bxc2 34.
Rb8+ Kf7 35. Rc8 c3 36. Rd7+ Ke6 37. Rdc7 Nd6 38. Rxc3 Bxc3 0-1

[Event "Riga Tech Open A 2018"]
[Site "Riga LAT"]
[Date "2018.08.07"]
[Round "2.34"]
[White "Semjonovs, Ilja"]
[Black "Wenninger, Philipp"]
[Result "1-0"]
[WhiteElo "2242"]
[BlackElo "2408"]
[WhiteFideId "11604263"]
[BlackFideId "4648404"]
[EventDate "2018.08.06"]

1. e4 c6 2. d4 d5 3. exd5 cxd5 4. Bd3 Nc6 5. c3 Qc7 6. Ne2 Bg4 7. Na3 a6 8. Nc2
e6 9. f3 Bh5 10. Bf4 Bd6 11. Qd2 Nge7 12. Bxd6 Qxd6 13. O-O Bg6 14. Rfe1 Rc8 15.
Ne3 O-O 16. Bxg6 Nxg6 17. Nc1 Rfe8 18. Nd3 b6 19. Ng4 Re7 20. Qf2 h5 21. Ne3 Nf8
22. Qh4 g6 23. f4 b5 24. a3 Rec7 25. h3 Qd8 26. Qxd8 Rxd8 27. g4 hxg4 28. hxg4
Nd7 29. f5 Kg7 30. fxe6 fxe6 31. Ng2 Nf8 32. Ngf4 Re7 33. Re2 g5 34. Nh5+ Kg6
35. Rae1 Rde8 36. Ng3 Nd7 37. Nb4 Nxb4 38. axb4 e5 39. Nf5 Re6 40. Rh2 Rf6 41.
Rh6+ Kf7 42. Nd6+ Ke7 43. Rxf6 1-0

[Event "Riga Tech Open A 2018"]
[Site "Riga LAT"]
[Date "2018.08.07"]
[Round "2.35"]
[White "Bernotas, Arturs"]
[Black "Gorodetzky, Matan"]
[Result "1-0"]
[WhiteTitle "FM"]
[WhiteElo "2406"]
[BlackElo "2231"]
[WhiteFideId "11601426"]
[BlackFideId "2813394"]
[EventDate "2018.08.06"]

1. e4 e6 2. d4 d5 3. Nd2 c5 4. Ngf3 a6 5. exd5 exd5 6. Be2 Nc6 7. O-O Nf6 8. Re1
Be6 9. dxc5 Bxc5 10. Nb3 Bb6 11. Nbd4 O-O 12. Bg5 h6 13. Bh4 g5 14. Bg3 Ne4 15.
c3 Qf6 16. Bd3 Nxg3 17. hxg3 Bg4 18. Qa4 Bd7 19. Nxc6 Bxc6 20. Qb4 Ba7 21. Re2
a5 22. Qg4 Rad8 23. Rae1 d4 24. c4 Qg7 25. Qf5 Bb6 26. Ne5 Be8 27. Ng4 Bc6 28.
Re7 Qg6 29. Nf6+ 1-0

[Event "Riga Tech Open A 2018"]
[Site "Riga LAT"]
[Date "2018.08.07"]
[Round "2.36"]
[White "Kretainis, Kristaps"]
[Black "Seeman, Tarvo"]
[Result "1/2-1/2"]
[BlackTitle "IM"]
[WhiteElo "2235"]
[BlackElo "2405"]
[WhiteFideId "11602163"]
[BlackFideId "4500547"]
[EventDate "2018.08.06"]

1. e4 g6 2. d4 Bg7 3. Nf3 d6 4. Bc4 Nf6 5. Qe2 O-O 6. O-O Bg4 7. h3 Bxf3 8. Qxf3
Nc6 9. c3 e5 10. Bb5 Nd7 11. Bxc6 bxc6 12. dxe5 Nxe5 13. Qe2 Re8 14. Be3 Qb8 15.
b3 Qb5 16. c4 Qb7 17. Nc3 c5 18. Nd5 Nd7 19. Rae1 Rxe4 20. Qd2 Nb6 21. Bg5 Rxe1
22. Rxe1 Nxd5 23. Qxd5 Qxd5 24. cxd5 Rc8 25. Re7 h6 26. Bd2 a6 27. Rd7 Re8 28.
Kf1 Re5 29. Rxc7 Rxd5 30. Ke2 Re5+ 31. Kd3 Rd5+ 32. Ke2 1/2-1/2

[Event "Riga Tech Open A 2018"]
[Site "Riga LAT"]
[Date "2018.08.07"]
[Round "2.37"]
[White "Gokerkan, Cem Kaan"]
[Black "Valner, Uku"]
[Result "1-0"]
[WhiteTitle "IM"]
[WhiteElo "2404"]
[BlackElo "2227"]
[WhiteFideId "6336760"]
[BlackFideId "4502205"]
[EventDate "2018.08.06"]

1. e4 e6 2. d4 d5 3. Nd2 c5 4. Ngf3 cxd4 5. Nxd4 Nf6 6. Bd3 e5 7. N4f3 dxe4 8.
Nxe4 Nxe4 9. Bxe4 Qxd1+ 10. Kxd1 Nd7 11. Re1 f6 12. Bd5 Nb6 13. Bb3 Bd7 14. Be3
O-O-O 15. Ke2 Bb4 16. Red1 Kb8 17. c3 Be7 18. Bxb6 axb6 19. Rd5 Kc7 20. Rad1 g5
21. Ne1 h5 22. Nc2 Bc6 23. Rxd8 Rxd8 24. Rxd8 Bxd8 25. Ne3 Kd6 26. Bf7 h4 27. g4
b5 28. Nf5+ Kd7 29. Bb3 Bc7 30. Bc2 Bd5 31. a3 Be6 32. Ne3 Kd6 33. Be4 b6 34. h3
Bd8 35. Bd3 Kc6 36. Bf5 Bd5 37. Bd7+ Kd6 38. Bxb5 e4 39. Nxd5 Kxd5 40. Ke3 Bc7
41. c4+ Ke5 42. Bc6 f5 43. gxf5 Kxf5 44. Bxe4+ Ke6 45. Bd5+ Kd7 46. Kd4 Bf4 47.
Kc3 Be5+ 48. Kc2 Kc7 49. b4 Bd4 50. Kb3 Kd6 51. f3 Be3 52. Ka4 Bc1 53. Kb3 Be3
54. Ba8 Bf4 55. a4 Bd2 56. a5 bxa5 57. c5+ Ke5 58. b5 Be3 59. Kc4 Ke6 60. b6 a4
61. Bd5+ Ke7 62. Kb5 Kd8 63. c6 1-0

[Event "Riga Tech Open A 2018"]
[Site "Riga LAT"]
[Date "2018.08.07"]
[Round "2.38"]
[White "Petrov, Dmitri"]
[Black "Kreisl, Robert"]
[Result "0-1"]
[BlackTitle "IM"]
[WhiteElo "2233"]
[BlackElo "2404"]
[WhiteFideId "4503279"]
[BlackFideId "1613880"]
[EventDate "2018.08.06"]

1. e4 c5 2. Nf3 d6 3. Bb5+ Nc6 4. d4 cxd4 5. Qxd4 a6 6. Bxc6+ bxc6 7. c4 e5 8.
Qd3 Ne7 9. O-O Ng6 10. c5 d5 11. exd5 Qxd5 12. Qe2 Bxc5 13. Rd1 Qe6 14. Qc2 Be7
15. Ng5 Bxg5 16. Bxg5 O-O 17. Nd2 Qg4 18. Be3 Rb8 19. b3 Nh4 20. Qe4 Qh5 21. Nc4
Bg4 22. Rd6 Rfe8 23. h3 Bf5 24. Qxc6 e4 25. Rad1 Nxg2 26. Qxe8+ Rxe8 27. Rd8 f6
28. Rxe8+ Qxe8 29. Kxg2 Bxh3+ 30. Kh2 Bg4 31. Rg1 Qh5+ 0-1

[Event "Riga Tech Open A 2018"]
[Site "Riga LAT"]
[Date "2018.08.07"]
[Round "2.39"]
[White "Lagunow, Raphael"]
[Black "Manafov, Vugar"]
[Result "1/2-1/2"]
[WhiteTitle "FM"]
[BlackTitle "FM"]
[WhiteElo "2404"]
[BlackElo "2215"]
[WhiteFideId "24652644"]
[BlackFideId "13410814"]
[EventDate "2018.08.06"]

1. e4 Nf6 2. e5 Nd5 3. d4 d6 4. c4 Nb6 5. f4 dxe5 6. fxe5 Bf5 7. Nc3 e6 8. Nf3
Be7 9. Be3 O-O 10. Be2 f6 11. exf6 Bxf6 12. O-O Nc6 13. Qd2 Qe8 14. Rad1 Rd8 15.
Qc1 Qg6 16. b3 Kh8 17. Kh1 Rfe8 18. h3 e5 19. d5 Nb4 20. g4 Bc2 21. Rd2 e4 22.
Nd4 Bd3 23. Ne6 Bxc3 24. Nf4 Qf6 25. Nxd3 Qh4 26. Nf2 Bxd2 27. Qxd2 Nd3 28. Bxd3
exd3 29. Bg5 Qg3 30. Bxd8 Qf3+ 31. Kg1 Qg3+ 32. Kh1 Qf3+ 33. Kg1 1/2-1/2

[Event "Riga Tech Open A 2018"]
[Site "Riga LAT"]
[Date "2018.08.07"]
[Round "2.40"]
[White "Pershin, Denis"]
[Black "Holland, James P"]
[Result "1-0"]
[WhiteElo "2403"]
[BlackElo "2212"]
[WhiteFideId "24165506"]
[BlackFideId "416835"]
[EventDate "2018.08.06"]

1. d4 Nf6 2. Bf4 d5 3. e3 g6 4. Nc3 Bg7 5. h4 c5 6. Nb5 Na6 7. c3 Bg4 8. Be2 h5
9. Nf3 Bxf3 10. Bxf3 Qb6 11. a4 Rc8 12. Qe2 c4 13. b3 cxb3 14. O-O O-O 15. Rfb1
Qa5 16. Rxb3 Nb8 17. Qb2 Nbd7 18. Rb4 Ne4 19. Bxe4 dxe4 20. Nxa7 Qxa7 21. Rxb7
Qa5 22. Rxd7 e5 23. Bxe5 Bxe5 24. dxe5 Qxe5 25. a5 Rxc3 26. a6 Qf5 27. Rb7 Rcc8
28. a7 Ra8 29. Rb8 Qd5 30. Qb7 Qxb7 31. Rxb7 Kg7 32. Ra4 Rfe8 33. Rd4 1-0

[Event "Riga Tech Open A 2018"]
[Site "Riga LAT"]
[Date "2018.08.07"]
[Round "2.41"]
[White "Martin, Julian"]
[Black "Martinkus, Rolandas"]
[Result "1-0"]
[WhiteTitle "IM"]
[BlackTitle "FM"]
[WhiteElo "2392"]
[BlackElo "2150"]
[WhiteFideId "12941000"]
[BlackFideId "12800481"]
[EventDate "2018.08.06"]

1. e4 e5 2. Nf3 Nc6 3. Bc4 Be7 4. O-O Nf6 5. d3 O-O 6. Re1 d6 7. a4 h6 8. a5 a6
9. c3 Nh7 10. Nbd2 Ng5 11. d4 Bf6 12. d5 Ne7 13. Bf1 g6 14. c4 Nxf3+ 15. Nxf3
Kg7 16. b4 Ng8 17. Bb2 Bg5 18. Ra3 Bg4 19. h3 Bxf3 20. Rxf3 h5 21. c5 Nh6 22.
Qc2 Qb8 23. Rb3 Qa7 24. g3 Be7 25. f4 f6 26. Rc3 Nf7 27. Bc1 c6 28. Be3 Qb8 29.
Rb1 Rd8 30. Bc4 Qc7 31. dxc6 bxc6 32. cxd6 Rxd6 33. Bc5 exf4 34. Bxf7 Kxf7 35.
Bxd6 Qxd6 36. Rxc6 Qd7 37. gxf4 Qxh3 38. Qb3+ 1-0

[Event "Riga Tech Open A 2018"]
[Site "Riga LAT"]
[Date "2018.08.07"]
[Round "2.42"]
[White "Volotovsky, Kirill"]
[Black "Schekachikhin, Maksim"]
[Result "1/2-1/2"]
[BlackTitle "IM"]
[WhiteElo "2228"]
[BlackElo "2392"]
[WhiteFideId "14151634"]
[BlackFideId "24177830"]
[EventDate "2018.08.06"]

1. e4 c6 2. d4 d5 3. e5 Bf5 4. h4 h5 5. Bd3 Bxd3 6. Qxd3 e6 7. Bg5 Qb6 8. Nd2
Qa6 9. c4 Bb4 10. b3 Ne7 11. Nf3 Nf5 12. O-O Nd7 13. a4 O-O 14. a5 c5 15. Ra4
Rac8 16. Rd1 Bxa5 17. Qb1 dxc4 18. Nxc4 b6 19. d5 Qb7 20. Nxa5 bxa5 21. Rxa5 Rb8
22. dxe6 fxe6 23. Qa2 Nb6 24. Rxa7 Qe4 25. Rc7 Ra8 26. Qd2 Rfc8 27. Rxc8+ Rxc8
28. Rc1 Nd5 29. Qa5 Qb4 30. Qa6 Nb6 31. Qd3 Nd5 32. Bd2 Qb7 33. Qc4 Nfe7 34. Ng5
Qd7 35. Qe2 g6 36. Ne4 Qa7 37. Qb5 Nf5 38. Bg5 Nd4 39. Qc4 Qa2 40. Kf1 Qxb3 41.
Qxb3 Nxb3 42. Rc4 Rb8 43. g3 Nb6 44. Rc3 Nd5 45. Rc4 Nb6 46. Rc3 Nd5 1/2-1/2

[Event "Riga Tech Open A 2018"]
[Site "Riga LAT"]
[Date "2018.08.07"]
[Round "2.43"]
[White "Krupenski, Juri"]
[Black "Seyhanoglu, Deniz"]
[Result "1-0"]
[WhiteTitle "IM"]
[WhiteElo "2390"]
[BlackElo "2090"]
[WhiteFideId "4501101"]
[BlackFideId "6302572"]
[EventDate "2018.08.06"]

1. e4 c5 2. Nf3 e6 3. c3 Nf6 4. e5 Nd5 5. d4 cxd4 6. cxd4 b6 7. Bc4 Bb7 8. Bxd5
Bxd5 9. Nc3 Bb7 10. Ng5 f6 11. Nge4 d5 12. exd6 Bxd6 13. Qg4 Kf7 14. O-O Re8 15.
Qh5+ Kf8 16. Qxh7 Nc6 17. Nxf6 Qxf6 18. Ne4 Qe7 19. Bg5 Qc7 20. Nf6 Kf7 21. Ng4
Rf8 22. d5 exd5 23. Rfe1 Ne5 24. Rac1 Nxg4 25. Rxc7+ 1-0

[Event "Riga Tech Open A 2018"]
[Site "Riga LAT"]
[Date "2018.08.07"]
[Round "2.44"]
[White "Kholopov, Alexander A."]
[Black "Akesson, Ralf"]
[Result "0-1"]
[WhiteTitle "FM"]
[BlackTitle "GM"]
[WhiteElo "2220"]
[BlackElo "2389"]
[WhiteFideId "4148100"]
[BlackFideId "1700120"]
[EventDate "2018.08.06"]

1. d4 Nf6 2. c4 g6 3. Nc3 d5 4. Qa4+ Bd7 5. Qb3 dxc4 6. Qxc4 Bg7 7. e4 O-O 8.
Nf3 Bg4 9. Ne5 Be6 10. d5 Bc8 11. Be2 Nbd7 12. Nxd7 Nxd7 13. O-O Nb6 14. Qb3 e6
15. Rd1 exd5 16. exd5 Re8 17. Bf1 Bg4 18. f3 Bf5 19. Bf4 Be5 20. Bxe5 Rxe5 21.
Rac1 Qg5 22. Nb5 Rxd5 23. Rxc7 Be6 24. Rxd5 Nxd5 25. Rxb7 Ne3 26. Qb4 Nxg2 27.
Kf2 Ne3 28. Nd4 Rd8 29. Nxe6 Nd1+ 30. Ke1 Qe3+ 0-1

[Event "Riga Tech Open A 2018"]
[Site "Riga LAT"]
[Date "2018.08.07"]
[Round "2.45"]
[White "Gorbatov, Alexej"]
[Black "Luessmann, Thomas"]
[Result "1-0"]
[WhiteTitle "IM"]
[WhiteElo "2389"]
[BlackElo "2061"]
[WhiteFideId "4111834"]
[BlackFideId "1270602"]
[EventDate "2018.08.06"]

1. e4 e6 2. d4 d5 3. Nd2 dxe4 4. Nxe4 Bd7 5. c4 Bc6 6. Nc3 Nf6 7. Be3 Be7 8. Nf3
b6 9. Ne5 Bb7 10. Qa4+ c6 11. O-O-O O-O 12. Bd3 Qc8 13. Qc2 Na6 14. a3 Rd8 15.
Rhe1 c5 16. d5 Nc7 17. Bg5 Nfxd5 18. Bxh7+ Kf8 19. Nxf7 Kxf7 20. Qg6+ Kf8 21.
cxd5 Bxg5+ 22. Qxg5 Nxd5 23. Nxd5 Rxd5 24. Qf4+ Ke7 25. Bg6 Qf8 26. Qc7+ Kf6 27.
Qxb7 Rxd1+ 28. Rxd1 Kxg6 29. Qe4+ Kg5 30. Qe5+ Kg6 31. Rd3 Re8 32. Rf3 Qe7 33.
Qe4+ Kg5 34. Rg3+ 1-0

[Event "Riga Tech Open A 2018"]
[Site "Riga LAT"]
[Date "2018.08.07"]
[Round "2.46"]
[White "Chibukhchyan, Erik"]
[Black "Hansen, Mads"]
[Result "1/2-1/2"]
[BlackTitle "IM"]
[WhiteElo "2214"]
[BlackElo "2387"]
[WhiteFideId "34135224"]
[BlackFideId "1401610"]
[EventDate "2018.08.06"]

1. Nf3 Nf6 2. e3 d5 3. b3 Bf5 4. Bb2 h6 5. c4 e6 6. Be2 Bd6 7. O-O O-O 8. cxd5
exd5 9. d3 Nbd7 10. Nbd2 Re8 11. Re1 a5 12. a3 Ne5 13. Nxe5 Bxe5 14. Bxe5 Rxe5
15. Nf3 Re7 16. b4 Qd6 17. Nd4 Bd7 18. Qb3 h5 19. Qc3 h4 20. Rec1 Ne8 21. b5 Qg6
22. a4 Bh3 23. g3 Nf6 24. Qd2 Rae8 25. Bf1 Bxf1 26. Rxf1 Ng4 27. Nf3 Qh5 28. Kg2
Re6 29. h3 Ne5 30. Nxe5 Qxe5 31. Rae1 Rg6 32. g4 f5 33. f4 Qd6 34. Qd1 Rge6 35.
Qf3 Qc5 36. Rc1 Qxe3 37. Rxc7 Qd4 38. gxf5 Re3 39. f6 Qxf6 40. Qxd5+ Kh7 41.
Qh5+ Kg8 42. Qd5+ Kh7 43. Qh5+ Kg8 1/2-1/2

[Event "Riga Tech Open A 2018"]
[Site "Riga LAT"]
[Date "2018.08.07"]
[Round "2.47"]
[White "Nilssen, Ellen Fredericia"]
[Black "Rostgaard, Tobias Valentin"]
[Result "1/2-1/2"]
[BlackTitle "FM"]
[WhiteElo "2060"]
[BlackElo "2386"]
[WhiteFideId "1441230"]
[BlackFideId "1408801"]
[EventDate "2018.08.06"]

1. Nf3 Nf6 2. c4 e6 3. g3 d5 4. d4 Bb4+ 5. Bd2 Bd6 6. Bg2 c6 7. Qc2 Ne4 8. O-O
O-O 9. b3 Nd7 10. Bc3 f5 11. Bb2 Qf6 12. Nbd2 Qh6 13. Rad1 Ndf6 14. Ne5 Bd7 15.
Bc1 Qh5 16. Bf3 Qe8 17. Nxe4 fxe4 18. Bg2 Bxe5 19. dxe5 Ng4 20. Bf4 Qh5 21. h3
Nxe5 22. g4 Nxg4 23. hxg4 Qxg4 24. Bd6 Rf5 25. f3 Qg5 26. Qc1 Qg6 27. fxe4 Rg5
28. Rf2 e5 29. Be7 Rg3 30. Rd3 Re8 31. Qf1 h6 32. Rf8+ Rxf8 33. Qxf8+ Kh7 34.
Rxg3 Qxg3 35. Qf2 Qxf2+ 36. Kxf2 dxc4 37. bxc4 Kg6 38. Kg3 Be6 39. c5 Bxa2 40.
Bd8 Be6 41. Bf3 Kf7 42. Bc7 Kf6 43. Bd8+ Kf7 1/2-1/2

[Event "Riga Tech Open A 2018"]
[Site "Riga LAT"]
[Date "2018.08.07"]
[Round "2.48"]
[White "Gokcek, Kursat Bugra"]
[Black "Saveliev, Alexei"]
[Result "0-1"]
[WhiteTitle "CM"]
[WhiteElo "1989"]
[BlackElo "2382"]
[WhiteFideId "34507833"]
[BlackFideId "24128546"]
[EventDate "2018.08.06"]

1. e4 c5 2. Nf3 e6 3. d4 cxd4 4. Nxd4 a6 5. Bd3 Nf6 6. Qe2 d6 7. c4 Be7 8. O-O
Qc7 9. Nc3 b6 10. f4 h5 11. f5 Ng4 12. fxe6 fxe6 13. Nf3 Nd7 14. Bf4 g5 15. Bd2
Nde5 16. Rae1 Bd7 17. Kh1 Nxf3 18. gxf3 Ne5 19. Be3 Bf6 20. Bd4 O-O-O 21. b4
Rhf8 22. a4 g4 23. f4 Nf3 24. Bxf6 Rxf6 25. Rc1 Kb8 26. Qe3 Bc8 27. a5 bxa5 28.
bxa5 Qc5 29. Rb1+ Ka7 30. Qc1 Rf7 31. Na4 Qd4 32. Qc2 Bb7 33. Nc3 Rc8 34. Rfd1
Qe3 35. Rb6 h4 36. Rxd6 g3 37. Qb2 Nxh2 38. Qb6+ Qxb6 39. axb6+ Kb8 40. Be2 Rxf4
41. Rxe6 Rf2 42. c5 Nf3 43. Bxf3 Rxf3 44. Nd5 h3 45. Rh6 g2+ 46. Kh2 Rf1 0-1

[Event "Riga Tech Open A 2018"]
[Site "Riga LAT"]
[Date "2018.08.07"]
[Round "2.49"]
[White "Jackson, James P"]
[Black "Jazdanovs, Aleksandrs"]
[Result "0-1"]
[WhiteTitle "FM"]
[WhiteElo "2380"]
[BlackElo "2042"]
[WhiteFideId "416860"]
[BlackFideId "11604492"]
[EventDate "2018.08.06"]

1. e4 c5 2. Nf3 d6 3. d4 cxd4 4. Nxd4 Nf6 5. Nc3 a6 6. h3 e5 7. Nde2 h5 8. Bg5
Be6 9. Bxf6 Qxf6 10. Nd5 Qd8 11. Qd3 Nd7 12. Nec3 Rc8 13. O-O-O g6 14. Kb1 Bh6
15. g3 Nc5 16. Qf3 O-O 17. Bc4 b5 18. Bb3 Rb8 19. Qe2 Bd7 20. f4 b4 21. Nxb4
Rxb4 22. Rxd6 Kh7 23. Nd5 Nxe4 24. Rxd7 Qxd7 25. Nxb4 Nd2+ 26. Ka1 exf4 27. Bd5
a5 28. Qxd2 fxg3 29. Qg2 axb4 30. Rd1 Qc7 31. Qe4 Bg7 32. Re1 Rd8 33. Qg2 Bxb2+ 0-1

[Event "Riga Tech Open A 2018"]
[Site "Riga LAT"]
[Date "2018.08.07"]
[Round "3.1"]
[White "Donchenko, Alexander"]
[Black "Bernotas, Arturs"]
[Result "1/2-1/2"]
[WhiteTitle "GM"]
[BlackTitle "FM"]
[WhiteElo "2612"]
[BlackElo "2406"]
[WhiteFideId "24603295"]
[BlackFideId "11601426"]
[EventDate "2018.08.06"]

1. d4 Nf6 2. c4 e6 3. g3 d5 4. Bg2 Be7 5. Nf3 O-O 6. O-O dxc4 7. Qc2 a6 8. a4
Bd7 9. Qxc4 Bc6 10. Bf4 a5 11. Nc3 Na6 12. Rac1 Rc8 13. Rfe1 Bb4 14. Qd3 h6 15.
Qb1 Nd5 16. Be3 Nxe3 17. fxe3 Be7 18. e4 Nb4 19. Rcd1 b6 20. Rf1 Bb7 21. Bh3 Rb8
22. Ne5 Bc8 23. e3 Bd6 24. Nf3 Qe8 25. e5 Be7 26. Rf2 Ba6 27. e4 Rd8 28. b3 Qc6
29. Ne2 1/2-1/2

[Event "Riga Tech Open A 2018"]
[Site "Riga LAT"]
[Date "2018.08.07"]
[Round "3.2"]
[White "Predke, Alexandr"]
[Black "Gokerkan, Cem Kaan"]
[Result "1/2-1/2"]
[WhiteTitle "GM"]
[BlackTitle "IM"]
[WhiteElo "2606"]
[BlackElo "2404"]
[WhiteFideId "24107581"]
[BlackFideId "6336760"]
[EventDate "2018.08.06"]

1. d4 Nf6 2. Nf3 g6 3. g3 Bg7 4. Bg2 O-O 5. O-O d6 6. b3 c5 7. c4 Nc6 8. Bb2
cxd4 9. Nxd4 Bd7 10. Nc2 Qc8 11. Re1 Bh3 12. Bh1 Rd8 13. Nc3 d5 14. Qc1 dxc4 15.
bxc4 Be6 16. Ne3 Na5 17. Ba3 Nxc4 18. Bxe7 Nxe3 19. Bxd8 Nfg4 20. Bg5 Bxc3 21.
Bxe3 Bxe1 22. Qxe1 Nxe3 23. fxe3 Qc5 1/2-1/2

[Event "Riga Tech Open A 2018"]
[Site "Riga LAT"]
[Date "2018.08.07"]
[Round "3.3"]
[White "Svane, Rasmus"]
[Black "Pershin, Denis"]
[Result "1-0"]
[WhiteTitle "GM"]
[WhiteElo "2591"]
[BlackElo "2403"]
[WhiteFideId "4657101"]
[BlackFideId "24165506"]
[EventDate "2018.08.06"]

1. d4 d5 2. c4 c6 3. Nf3 Nf6 4. Nbd2 Bf5 5. Nh4 Be4 6. Qb3 Qb6 7. f3 Bg6 8. cxd5
cxd5 9. Qxb6 axb6 10. Nxg6 hxg6 11. e3 Nc6 12. Kf2 e6 13. Bb5 Bb4 14. Nb3 Ke7
15. a3 Bd6 16. Bd2 Rac8 17. Rac1 Na7 18. Rxc8 Rxc8 19. Bd3 e5 20. dxe5 Bxe5 21.
Bb4+ Kd7 22. Nd4 Nc6 23. Bb5 Ne8 24. Rd1 Bxd4 25. Rxd4 Ke6 26. Rh4 g5 27. Rg4 f5
28. Rxg5 Nxb4 29. axb4 Rc2+ 30. Ke1 Nd6 31. Rg6+ Ke7 32. Bd3 Rxb2 33. b5 Nf7 34.
Bxf5 Rxb5 35. Re6+ Kf8 36. Bg6 Rc5 37. Bxf7 Kxf7 38. Rxb6 Rc7 39. Kd2 Ke7 40.
Kd3 Kd7 41. Kd4 Kc8 42. Rb2 Rd7 43. Rb5 1-0

[Event "Riga Tech Open A 2018"]
[Site "Riga LAT"]
[Date "2018.08.07"]
[Round "3.5"]
[White "Kreisl, Robert"]
[Black "Schroeder, Jan-Christian"]
[Result "1/2-1/2"]
[WhiteTitle "IM"]
[BlackTitle "GM"]
[WhiteElo "2404"]
[BlackElo "2573"]
[WhiteFideId "1613880"]
[BlackFideId "24662259"]
[EventDate "2018.08.06"]

1. Nf3 d5 2. g3 Nf6 3. Bg2 Bg4 4. O-O e6 5. c4 Nbd7 6. cxd5 exd5 7. h3 Bh5 8. d4
c6 9. Qb3 Nb6 10. Nc3 Bxf3 11. Bxf3 Be7 12. Bf4 O-O 13. Rad1 Qd7 14. Kg2 Rfe8
15. Be5 Qe6 16. Rfe1 Nfd7 17. Bf4 Nf6 18. Be5 Nfd7 19. Bf4 g6 20. e4 dxe4 21.
Rxe4 Qxb3 22. axb3 Nf6 23. Re2 Bf8 24. Rxe8 Rxe8 25. Be5 Bg7 26. Bxf6 Bxf6 27.
d5 cxd5 28. Nxd5 Nxd5 29. Rxd5 Re7 30. Rd8+ Kg7 31. Rb8 b6 32. Rb7 Rxb7 33. Bxb7
Bxb2 34. f4 h5 35. g4 h4 36. g5 Kf8 37. Kf3 Bc3 38. Kg4 f5+ 39. gxf6 Bxf6 40.
Ba6 Kg7 41. Bd3 Be7 42. Ba6 Kh6 43. Bd3 a5 44. Bb5 Bd6 45. Bd3 Bc7 46. Bb5 Bd6
47. Bd3 Bc7 48. Bb5 Bd6 1/2-1/2

[Event "Riga Tech Open A 2018"]
[Site "Riga LAT"]
[Date "2018.08.07"]
[Round "3.8"]
[White "Akesson, Ralf"]
[Black "Praggnanandhaa, R"]
[Result "0-1"]
[WhiteTitle "GM"]
[BlackTitle "IM"]
[WhiteElo "2389"]
[BlackElo "2532"]
[WhiteFideId "1700120"]
[BlackFideId "25059530"]
[EventDate "2018.08.06"]

1. d4 Nf6 2. c4 e6 3. Nc3 Bb4 4. Qc2 Nc6 5. Nf3 d6 6. Bd2 O-O 7. a3 Bxc3 8. Bxc3
Qe7 9. e3 e5 10. Be2 a5 11. b3 Bg4 12. d5 Nb8 13. e4 Bh5 14. O-O Nbd7 15. b4 Ra7
16. Rfb1 Rfa8 17. Ne1 Bxe2 18. Qxe2 axb4 19. axb4 Rxa1 20. Rxa1 Rxa1 21. Bxa1
Qe8 22. f3 Qa8 23. Bc3 Qa3 24. Qb2 Qa7+ 25. Kf1 Qa6 26. Qe2 Nb6 27. c5 Nc4 28.
Kf2 Nd7 29. cxd6 cxd6 30. Nc2 b5 31. Ne3 Qa7 32. Qd3 Ndb6 33. Ke2 Qa3 34. Be1
Qa4 35. Qc2 Qa3 36. Qc3 Qa2+ 37. Qc2 Qa7 38. Qc3 h6 39. Bf2 Qa2+ 40. Qc2 Qa3 41.
Nf5 Na4 42. Be1 Kh7 43. Qd3 Qb2+ 44. Kf1 Qc1 45. Ke2 Nab2 46. Qb3 g6 47. Ne3
Nxe3 48. Qxe3 Qc4+ 49. Kd2 Qa2 50. Kc1 Nc4 51. Qf2 Qb3 52. Qe2 Qa3+ 53. Kb1 Qb3+
54. Kc1 Na3 55. Qb2 Qe3+ 56. Kd1 Nc4 57. Qa2 Qg1 58. Qf2 Qxh2 59. Ke2 Qf4 60.
Qa7 Kg7 61. Qd7 Qc1 62. Kf2 Qc2+ 63. Kg1 Qd1 64. Kf2 Qd4+ 65. Kg3 Qe3 66. Bf2
Qf4+ 67. Kh3 Qd2 68. Bg1 Qxb4 69. f4 Qc3+ 0-1